U zakleté řeky

Bibliographic Details
Main Author: Moric, Rudo, 1921-1985 (Author)
Other Authors: Blažek, Ota (Translator), Kellenberger, Ľubomír, 1921-1971 (Illustrator)
Format: Book
Language:Czech
Slovak
PhysicalDescription:182 strán, 24 nečíslovaných strán obrazových príloh fotografie, ilustrácie 25 cm
Published: Praha Státni nakladatelství dětské knihy 1960
Edition:1. vydání
Series:Daleké kraje
Subjects:

MARC

LEADER 00000nam a2200000 4500
001 vtls011968111
003 SK-MaSNL
005 20260302060826.0
008 250311s1960 xr oa jr 000 0 cze
015 |a SNBA1960 
020 |q (viazané) 
035 |a urn:nbn:sk:snk-am00fes2 
035 |a urn:nbn:sk:snk-am3ir6y 
035 |a B2D0F52C-88E4-4E33-91A0-C2C3B751BCA1 
040 |a SNK  |b slo  |c SNK  |e rda 
041 1 |a cze  |h slo 
043 |a a-vt---  |a a-cc--- 
044 |a xr  |c CZ 
072 7 |a 913(5)  |x Geografia Ázie, reálie, cestovanie  |2 konspekt 
080 |a 908(597)  |2 2011 
080 |a 908(510)  |2 2011 
080 |a (0:82-4)  |2 2011 
080 |a (0:82-992)  |2 2011 
080 |a (03)82-93-053.4/.6  |2 2011 
100 1 |a Moric, Rudo,  |d 1921-1985  |4 aut  |9 86508 
240 1 0 |a Pri zakliatej rieke  |l Česky 
245 1 0 |a U zakleté řeky  |c Rudo Moric ; ze slovenského původního vydání Pri zakliatej rieke ... přeložil Ota Blažek ; ilustrácie Ľubomír Kellenberger 
250 |a 1. vydání 
264 1 |a Praha  |b Státni nakladatelství dětské knihy  |c 1960 
264 3 |a Praha  |b Rudé právo 
300 |a 182 strán, 24 nečíslovaných strán obrazových príloh  |b fotografie, ilustrácie  |c 25 cm 
336 |a text  |b txt  |2 rdacontent 
337 |a bez média  |b n  |2 rdamedia 
338 |a zväzok  |b nc  |2 rdacarrier 
366 |e 15000 kusov 
490 1 |a Daleké kraje  |v svazek 24 
521 8 |a Pre čitateľov od 11 rokov 
651 7 |a Vietnam  |2 SNKPHgeo  |9 24934 
651 7 |a Čína  |2 SNKPHgeo  |9 21369 
651 7 |a China  |2 SNKPHeng  |9 104406 
655 7 |a reportáže  |2 SNKPH  |9 28856 
655 7 |a Reportage  |2 SNKPHeng  |9 281562 
655 7 |a cestopisy  |2 SNKPH  |9 70220 
655 7 |a Books of travels  |2 SNKPHeng  |9 280380 
655 7 |a publikácie pre deti a mládež  |2 SNKPH  |9 70541 
655 7 |a Publications for children and youth  |2 SNKPHeng  |9 285708 
700 1 |a Blažek, Ota  |4 trl  |9 718932 
700 1 |a Kellenberger, Ľubomír,  |d 1921-1971  |4 ill  |9 114668 
830 0 |a Daleké kraje  |9 283066 
852 |a Slovenská národná knižnica 
958 |a OND 
958 |a DB 
958 |a OP 
968 |a Čes  |b SLO 
999 |c 1122813  |d 1124743 
952 |a SNK  |b SNK  |y PREZ  |7 0  |p 17A0845334  |o snkSC 14349  |i snkKIP 4617/60  |0 0  |1 0  |4 0  |d 2020-05-21  |f 1  |l 0  |r 2025-07-16 00:00:00  |w 2026-02-24